000 00714cam a2200253 4500
001 1545
003 BD-RjUL
005 20211208233345.0
008 131208s1968 pk 001 0 eng d
035 _a(BD-RjUL)1570
040 _aDLC
_cDLC
_dDLC
_dBD-RjUL
_beng
041 _aeng
082 0 0 _a327.091767
_bHAI 1968
100 1 _aHaq, Inamul.
_95108
245 1 0 _aIslamic block: the way to honour, power & peace. /
_cby Inamul Haq
260 _aKarachi :
_bdistributors: S. M. Mir,
_c1968.
300 _axi, 188 p.
_c23 cm.
350 _a12.50
504 _aIncludes index.
651 0 _aIslamic countries
_xPolitics and government.
_95109
942 _2ddc
_cBK
999 _c1545
_d1545